| 000 | 00592nam a22001937a 4500 | ||
|---|---|---|---|
| 003 | OSt | ||
| 005 | 20250710022735.0 | ||
| 008 | 250710b |||||||| |||| 00| 0 eng d | ||
| 020 | _a978-971-0445-07-3 | ||
| 040 |
_aDWCL-Main Lib _cOC |
||
| 082 | _aFil. 570 R288b 2006 | ||
| 100 | _aRealuyo, Zenaida M. | ||
| 245 |
_aBasic biology _cZenaida M. Realuyo |
||
| 260 |
_aMakati City : _bMindshapers Co., Inc., _cc2006. |
||
| 300 |
_axiii, 215 p. : _billustration; _c25 cm |
||
| 504 | _aIncludes bibliographical references and index. | ||
| 650 | _a1. Biology. | ||
| 942 |
_2ddc _cBK - FIL _kFil. _n0 |
||
| 999 |
_c3561 _d3561 |
||